000 01294nmc a2200385 a 4500
003 AR-BaBNM
005 20251128210608.0
008 050020s1994 ||||||||||||||000 | spa||
020 _a950-14-0792-6
040 _cAR-BaBNM
245 1 0 _aLos servicios públicos, régimen jurídico actual
_bnoción y elementos, relación del usuario con el concesionario, retribución en los servicios públicos "privatizados", el problema laboral, la caducidad en la concesión, el rescate, derecho público provincia
260 _aBuenos Aires
_bDepalma
_c1994
300 0 _a295 p.
490 0 _aLos libros de Utilísima
500 0 _aLos trabajos contienen referencias bibliográficas
650 4 _aDERECHO COMERCIAL
650 4 _aSOCIEDADES
650 4 _aEMPRESAS
650 4 _aDERECHO ADMINISTRATIVO
650 4 _aADMINISTRACION PUBLICA
650 4 _aSERVICIOS PUBLICOS
650 4 _aPROPIEDAD PRIVADA
650 4 _aPROPIEDAD PUBLICA
650 4 _aESTADO
650 4 _aJUSTICIA
650 4 _aRECURSOS ADMINISTRATIVOS
650 4 _aRESPONSABILIDAD DEL ESTADO
650 4 _aREFORMA ADMINISTRATIVA
650 4 _aSECTOR PUBLICO
653 0 _aPRIVATIZACIONES
653 _aMERCOSUR
700 1 _aGonzález de Aguirre, Marta
_ecoordinador
942 _cBK
998 _cMariana
999 _c16094
_d16094